| 000 | 00517nam a2200205Ia 4500 | ||
|---|---|---|---|
| 005 | 20250505124930.0 | ||
| 008 | 008 250505s9999 xx 000 0 eng d | ||
| 037 | _aReference | ||
| 040 |
_aLCO _beng _cLCO |
||
| 041 |
_aeng _2eng |
||
| 084 |
_aV2.2 Q8 _qLCO |
||
| 100 | _aDe, Rohit | ||
| 245 | 0 |
_aPeople's constitution _c Rohit De |
|
| 260 |
_aNew Delhi, India _bOxford _c2018 |
||
| 300 | _a296 | ||
| 365 |
_aINR _b799 |
||
| 650 | _aLaw | ||
| 942 |
_cREF _hV2.2 Q8 |
||
| 999 |
_c1310730 _d1310730 |
||